| 000 | 01209cam a22003497a 4500 | ||
|---|---|---|---|
| 003 | CHAP | ||
| 005 | 20220329142529.0 | ||
| 008 | 010824d2001 mx r 00110 spa d | ||
| 010 | _a84614 | ||
| 011 | _a85586 | ||
| 035 | _a96120 | ||
| 040 | _cCHAP | ||
| 090 | _aTesis | ||
| 100 | 0 | 0 |
_aFernández Orozco, Raúl. _940258 |
| 245 | 1 | 0 |
_aSuplementación con Leucaena en áreas compactas sobre la producción de leche en pastoreo _c/por Raúl Fernández Orozco |
| 260 |
_aChapingo, Méx. : _bEl autor, _c2001. |
||
| 300 | _a36 h. | ||
| 502 | _aTesis (Ing. Agr. Esp. en Zootecnia) -- UACH. Departamento de Zootecnia | ||
| 590 |
_aALEPH _b10 _c20130110 _lUCH01 _h1443 |
||
| 590 |
_aBATCH-UPD _b10 _c20130110 _lUCH01 _h1704 |
||
| 590 |
_aBATCH-UPD _b10 _c20130410 _lUCH01 _h1051 |
||
| 590 |
_aBATCH-UPD _b10 _c20130914 _lUCH01 _h1517 |
||
| 590 |
_aCONVERSION _b10 _c20130109 _lUCH01 _h1347 |
||
| 650 | 1 | 4 |
_aGanado lechero _xPastoreo. _945284 |
| 650 | 1 | 4 |
_aLeche _xProducción. _965400 |
| 650 | 1 | 4 |
_aLeucaena leucocephala. _966380 |
| 901 | _aBK | ||
| 905 | _aAlejandra Carrasco M. | ||
| 942 | _cFOLL | ||
| 949 |
_bBC _cTES _d33724000853503 _eTS2 _fc.2 _h38503 _i96120 _si |
||
| 949 |
_bBC _cTES _d961201 _eTS1 _h38502 _i96120 _sb |
||
| 999 |
_c84614 _d84614 |
||